[Event "HUN-chT2 Barcza 2223"]
[Site "Hungary"]
[Date "2023.04.23"]
[Round "7.9"]
[White "Varga, Laszlo"]
[Black "Toviskes, Antal"]
[Result "0-1"]
[WhiteElo "1756"]
[BlackElo "1981"]
[PlyCount "60"]
[EventDate "2022.11.20"]
[EventType "team-tourn"]
[EventRounds "7"]
[EventCountry "HUN"]
[SourceTitle "EXT 2025"]
[Source "ChessBase"]
[SourceDate "2024.10.14"]
[SourceVersion "1"]
[SourceVersionDate "2024.10.14"]
[SourceQuality "1"]
[WhiteTeam "Kazincbarcika"]
[BlackTeam "Hajduboszormeny"]
[WhiteTeamCountry "HUN"]
[BlackTeamCountry "HUN"]

1. e4 c5 2. Nf3 d6 3. d4 cxd4 4. Nxd4 Nf6 5. Nc3 g6 6. Be3 Bg7 7. f3 0-0 8. Qd2 Nc6 9. Nxc6 bxc6 10. Bh6 Qb6 11. Bxg7 Kxg7 12. Rb1 Be6 13. Na4 Qc7 14. b3 Rad8 15. Bd3 d5 16. exd5 Rxd5 17. Qc3 Rh5 18. Kf2 Rxh2 19. Rxh2 Qxh2 20. Qxc6 Rc8 21. Qb7 Rc7 22. Qb4 Nh5 23. Nc5 Nf4 24. Nxe6+ fxe6 25. Qd4+ Kf7 26. Bf1 Rxc2+ 27. Ke3 Nxg2+ 28. Bxg2 Rxg2 29. Re1 Rxa2 30. Qc4 Qf2+ 0-1

[Event "HUN-chT2 Barcza 2223"]
[Site "Hungary"]
[Date "2023.03.26"]
[Round "6.11"]
[White "Fodor, Jozsef"]
[Black "Varga, Laszlo"]
[Result "0-1"]
[WhiteElo "1063"]
[BlackElo "1821"]
[PlyCount "176"]
[EventDate "2022.11.20"]
[EventType "team-tourn"]
[EventRounds "7"]
[EventCountry "HUN"]
[SourceTitle "EXT 2025"]
[Source "ChessBase"]
[SourceDate "2024.10.14"]
[SourceVersion "1"]
[SourceVersionDate "2024.10.14"]
[SourceQuality "1"]
[WhiteTeam "Nyiregyhaza VSC"]
[BlackTeam "Kazincbarcika"]
[WhiteTeamCountry "HUN"]
[BlackTeamCountry "HUN"]

1. d4 Nf6 2. Nc3 d5 3. Bf4 h6 4. e3 e6 5. a3 c5 6. Nf3 Nc6 7. dxc5 Bxc5 8. Bd3 e5 9. Nxe5 Nxe5 10. Bxe5 Be6 11. Qf3 Be7 12. e4 d4 13. Nd5 Bxd5 14. Bxf6 Bxf6 15. exd5 0-0 16. 0-0 Qb6 17. Rab1 Rad8 18. c4 dxc3 19. bxc3 Qc7 20. c4 Be5 21. g3 Bd6 22. a4 a5 23. Rfe1 Bb4 24. Qe4 g6 25. Re2 b6 26. Qe5 Qd7 27. Ra2 Rfe8 28. Qd4 Bc5 29. Qf4 Re7 30. Kg2 Rde8 31. Qf6 Qc7 32. Rab2 Rb8 33. Rb5 h5 34. h4 Bd6 35. Qf3 Bb4 36. Qf6 Qd8 37. R5xb4 axb4 38. Rxb4 Qe8 39. Rxb6 Rxb6 40. Qxb6 Qxa4 41. Qd8+ Re8 42. Qb6 Kg7 43. c5 Qd4 44. Qc6 Re5 45. Qa6 Qxd5+ 46. Kh2 Re1 47. Bf1 Qxc5 48. Kg1 Re6 49. Qa1+ Rf6 50. Qb2 Qd6 51. Qc3 Qc6 52. Qd4 Kh7 53. Bg2 Qb6 54. Qd2 Rd6 55. Qa2 Kg7 56. Qa1+ Qd4 57. Qa2 Qd1+ 58. Bf1 Rd2 59. Qa7 Qf3 60. Qa1+ Kh7 61. Qe1 Rd4 62. Qe5 Rg4 63. Bh3 Re4 64. Qa1 Re2 65. Qa7 Re1+ 66. Bf1 Kg7 67. Qd4+ Qf6 68. Qd2 Re4 69. Bg2 Rg4 70. Bh3 Qa1+ 71. Bf1 Qa7 72. Qc3+ Qd4 73. Qf3 Qd8 74. Bg2 Qe7 75. Qc3+ f6 76. Bh3 Re4 77. Bf1 Re5 78. Qd2 g5 79. hxg5 Rxg5 80. Qf4 Qc5 81. Qd2 Rxg3+ 82. Kh2 Rg5 83. Qd7+ Kh6 84. Qd2 Qc7+ 85. f4 Rf5 86. Kg3 Qg7+ 87. Kf3 Qg4+ 88. Ke3 Qxf4+ 0-1

[Event "HUN-chT2 Barcza 2223"]
[Site "Hungary"]
[Date "2023.02.12"]
[Round "3.10"]
[White "Szabo, Levente Edward"]
[Black "Varga, Laszlo"]
[Result "1-0"]
[WhiteElo "1849"]
[BlackElo "1821"]
[PlyCount "81"]
[EventDate "2022.11.20"]
[EventType "team-tourn"]
[EventRounds "7"]
[EventCountry "HUN"]
[SourceTitle "EXT 2025"]
[Source "ChessBase"]
[SourceDate "2024.10.14"]
[SourceVersion "1"]
[SourceVersionDate "2024.10.14"]
[SourceQuality "1"]
[WhiteTeam "Karsol DSBK"]
[BlackTeam "Kazincbarcika"]
[WhiteTeamCountry "HUN"]
[BlackTeamCountry "HUN"]

1. e4 c5 2. Nc3 d6 3. f4 Nf6 4. Nf3 Nc6 5. Bc4 e6 6. d3 a6 7. a4 Qc7 8. 0-0 Be7 9. Qe1 b6 10. Bd2 Bb7 11. f5 e5 12. Qg3 Nh5 13. Qg4 g6 14. Nd5 Qd8 15. fxg6 hxg6 16. Nxe7 Qxe7 17. Ng5 Bc8 18. Bxf7+ Qxf7 19. Qxc8+ Rxc8 20. Nxf7 Kd7 21. Nxh8 Rxh8 22. Rf7+ Ne7 23. Bg5 Re8 24. Raf1 Ke6 25. Rxe7+ Rxe7 26. Bxe7 Kxe7 27. g3 Ng7 28. c3 b5 29. axb5 axb5 30. Ra1 Ne6 31. Ra7+ Kd8 32. Rb7 Nc7 33. Kf2 Kc8 34. Rxc7+ Kxc7 35. Kf3 Kc6 36. h4 d5 37. g4 c4 38. dxc4 bxc4 39. exd5+ Kxd5 40. h5 e4+ 41. Ke3 1-0

[Event "HUN-chT BAZ megyei CSB 2223"]
[Site "Hungary"]
[Date "2023.01.15"]
[Round "5.5"]
[White "Varga, Laszlo"]
[Black "Kovacs, Kristof"]
[Result "0-1"]
[WhiteElo "1791"]
[BlackElo "1910"]
[PlyCount "56"]
[EventDate "2022.09.25"]
[EventType "team-tourn"]
[EventRounds "9"]
[EventCountry "HUN"]
[SourceTitle "EXT 2025"]
[Source "ChessBase"]
[SourceDate "2024.10.14"]
[SourceVersion "1"]
[SourceVersionDate "2024.10.14"]
[SourceQuality "1"]
[WhiteTeam "Kazincbarcika II"]
[BlackTeam "DVTK II"]
[WhiteTeamCountry "HUN"]
[BlackTeamCountry "HUN"]

1. e4 e5 2. f4 exf4 3. Nf3 g5 4. Bc4 Bg7 5. 0-0 Nc6 6. c3 h6 7. d4 Nge7 8. d5 Ne5 9. Nxe5 Bxe5 10. Qh5 d6 11. g3 Ng6 12. gxf4 gxf4 13. Na3 a6 14. Kh1 Qg5 15. Qe2 Bg4 16. Qf2 Nh4 17. Be2 Rg8 18. Bd2 Bh3 19. Bf3 Nxf3 20. Rg1 Nxg1 21. Rxg1 Qxg1+ 22. Qxg1 Rxg1+ 23. Kxg1 Ke7 24. Kf2 Rg8 25. Nc4 Rg2+ 26. Ke1 f3 27. Ne3 f2+ 28. Ke2 Rxh2 0-1

[Event "HUN-chT BAZ megyei CSB 2122"]
[Site "Hungary"]
[Date "2021.11.14"]
[Round "2.3"]
[White "Horvath, Kristof"]
[Black "Varga, Laszlo"]
[Result "0-1"]
[WhiteElo "2045"]
[BlackElo "1828"]
[PlyCount "48"]
[EventDate "2021.10.17"]
[EventType "team-tourn"]
[EventRounds "9"]
[EventCountry "HUN"]
[SourceTitle "EXT 2025"]
[Source "ChessBase"]
[SourceDate "2024.10.14"]
[SourceVersion "1"]
[SourceVersionDate "2024.10.14"]
[SourceQuality "1"]
[WhiteTeam "DVTK II"]
[BlackTeam "Kazincbarcika II"]
[WhiteTeamCountry "HUN"]
[BlackTeamCountry "HUN"]

1. e4 Nf6 2. e5 Nd5 3. c4 Nb6 4. c5 Nd5 5. d4 e6 6. Nf3 d6 7. cxd6 cxd6 8. Bd3 Nc6 9. 0-0 dxe5 10. dxe5 Qb6 11. Qe2 Bd7 12. a3 Rd8 13. b4 Be7 14. Bd2 a6 15. Nc3 Nd4 16. Nxd4 Qxd4 17. Nxd5 Qxd5 18. Bc4 Qd4 19. Rfd1 Ba4 20. Rab1 Bxd1 21. Rxd1 0-0 22. Bb3 Qb2 23. Qe3 h6 24. Qc3 Rxd2 0-1

[Event "HUN-chT2 Toth 1819"]
[Site "Hungary"]
[Date "2018.12.02"]
[Round "5.5"]
[White "Csikos, Mihaly"]
[Black "Varga, Laszlo"]
[Result "1/2-1/2"]
[WhiteElo "2055"]
[BlackElo "2134"]
[PlyCount "30"]
[EventDate "2018.09.23"]
[EventType "team-tourn"]
[EventRounds "11"]
[EventCountry "HUN"]
[SourceTitle "EXT 2021"]
[Source "ChessBase"]
[SourceDate "2020.10.23"]
[SourceVersion "1"]
[SourceVersionDate "2020.10.23"]
[SourceQuality "1"]
[WhiteTeam "Mako Duocor II"]
[BlackTeam "Ujszasz"]
[WhiteTeamCountry "HUN"]
[BlackTeamCountry "HUN"]

1. e4 e6 2. d4 d5 3. exd5 exd5 4. c4 Nf6 5. Nc3 Be7 6. Nf3 0-0 7. h3 c6 8. Bd3 dxc4 9. Bxc4 b5 10. Bd3 b4 11. Ne2 a5 12. b3 Nd5 13. Qc2 h6 14. 0-0 Bd6 15. Bb2 Ra7 1/2-1/2

[Event "HUN-chT2 Toth 1718"]
[Site "Hungary"]
[Date "2018.02.18"]
[Round "8.5"]
[White "Palasti, Ferenc"]
[Black "Varga, Laszlo"]
[Result "0-1"]
[WhiteElo "1920"]
[BlackElo "2138"]
[PlyCount "94"]
[EventDate "2017.09.24"]
[EventType "team-tourn"]
[EventRounds "11"]
[EventCountry "HUN"]
[SourceTitle "EXT 2021"]
[Source "ChessBase"]
[SourceDate "2020.10.23"]
[SourceVersion "1"]
[SourceVersionDate "2020.10.23"]
[SourceQuality "1"]
[WhiteTeam "Felegyhaza Csongrad"]
[BlackTeam "Ujszasz"]
[WhiteTeamCountry "HUN"]
[BlackTeamCountry "HUN"]

1. e4 e6 2. d4 d5 3. Bd3 dxe4 4. Bxe4 Nf6 5. Bf3 Be7 6. Ne2 0-0 7. 0-0 Nbd7 8. Nbc3 Nb6 9. Bf4 Nbd5 10. Bg3 c6 11. Ne4 Nxe4 12. Bxe4 f5 13. Bxd5 cxd5 14. Be5 Bd7 15. Re1 Qb6 16. Qd3 Rf7 17. c3 Raf8 18. f4 a5 19. a4 h6 20. h3 Rc8 21. Qc2 Qa6 22. Ng3 b5 23. axb5 Qxb5 24. Qe2 Qb6 25. Nf1 a4 26. Rec1 Bb5 27. Qf2 Ra8 28. Ne3 Bd3 29. g4 fxg4 30. Nxg4 Kh7 31. b4 a3 32. Ne3 g5 33. Qd2 Be4 34. Ng2 Rg8 35. Kh2 gxf4 36. Nxf4 Qa6 37. Rg1 Bg5 38. h4 Bxh4 39. Rxg8 Kxg8 40. Nh3 Kh7 41. Bg3 Bxg3+ 42. Kxg3 Rf3+ 43. Kh4 e5 44. dxe5 Qe6 45. Rh1 Qxe5 46. Ng5+ hxg5+ 47. Kh5 Kg7 0-1

[Event "HUN-chT2 Toth 1718"]
[Site "Hungary"]
[Date "2017.10.29"]
[Round "3.5"]
[White "Hajdu, Istvan"]
[Black "Varga, Laszlo"]
[Result "1/2-1/2"]
[WhiteElo "1847"]
[BlackElo "2138"]
[PlyCount "50"]
[EventDate "2017.09.24"]
[EventType "team-tourn"]
[EventRounds "11"]
[EventCountry "HUN"]
[SourceTitle "EXT 2021"]
[Source "ChessBase"]
[SourceDate "2020.10.23"]
[SourceVersion "1"]
[SourceVersionDate "2020.10.23"]
[SourceQuality "1"]
[WhiteTeam "Szentes Integral"]
[BlackTeam "Ujszasz"]
[WhiteTeamCountry "HUN"]
[BlackTeamCountry "HUN"]

1. e4 e6 2. d4 d5 3. Nd2 a6 4. Bd3 c5 5. c3 Nc6 6. Ne2 Bd7 7. exd5 exd5 8. Nf3 c4 9. Bc2 Bd6 10. Bf4 Bxf4 11. Nxf4 Qe7+ 12. Qe2 Qxe2+ 13. Nxe2 Nf6 14. h3 0-0 15. 0-0 Rfe8 16. Ng3 g6 17. Rfe1 b5 18. Ne5 Kg7 19. Nxd7 Nxd7 20. Kf1 Nb6 21. Rxe8 Rxe8 22. Re1 Rb8 23. Ke2 a5 24. Kd2 b4 25. Ne2 Re8 1/2-1/2

[Event "HUN-chT2 Toth 1617"]
[Site "Hungary"]
[Date "2017.02.12"]
[Round "8.6"]
[White "Varga, Laszlo"]
[Black "Hajdu, Istvan"]
[Result "1/2-1/2"]
[WhiteElo "2126"]
[BlackElo "1995"]
[PlyCount "30"]
[EventDate "2016.09.25"]
[EventType "team-tourn"]
[EventRounds "11"]
[EventCountry "HUN"]
[SourceTitle "EXT 2021"]
[Source "ChessBase"]
[SourceDate "2020.10.23"]
[SourceVersion "1"]
[SourceVersionDate "2020.10.23"]
[SourceQuality "1"]
[WhiteTeam "Ujszasz"]
[BlackTeam "Szentes Integral"]
[WhiteTeamCountry "HUN"]
[BlackTeamCountry "HUN"]

1. d4 d5 2. Nf3 Nf6 3. Nbd2 Bf5 4. c4 e6 5. e3 Nbd7 6. Qb3 Rb8 7. Be2 h6 8. 0-0 c6 9. cxd5 exd5 10. Nh4 Bh7 11. Bd3 Ne4 12. g3 Be7 13. Bxe4 dxe4 14. Ng2 0-0 15. Nc4 Bf5 1/2-1/2

[Event "HUN-chT2 Toth 1617"]
[Site "Hungary"]
[Date "2017.01.29"]
[Round "7.7"]
[White "Varga, Laszlo"]
[Black "Molnar, Gabor1"]
[Result "1-0"]
[WhiteElo "2126"]
[BlackElo "1957"]
[PlyCount "59"]
[EventDate "2016.09.25"]
[EventType "team-tourn"]
[EventRounds "11"]
[EventCountry "HUN"]
[SourceTitle "EXT 2021"]
[Source "ChessBase"]
[SourceDate "2020.10.23"]
[SourceVersion "1"]
[SourceVersionDate "2020.10.23"]
[SourceQuality "1"]
[WhiteTeam "Ujszasz"]
[BlackTeam "Mako Duocor II"]
[WhiteTeamCountry "HUN"]
[BlackTeamCountry "HUN"]

1. d4 Nf6 2. Nf3 e6 3. e3 b6 4. Bd3 Bb7 5. Nbd2 Be7 6. b3 0-0 7. Bb2 d5 8. 0-0 Ne4 9. c4 Nxd2 10. Nxd2 g6 11. Rc1 Nd7 12. Nf3 Rc8 13. Qe2 dxc4 14. Bxc4 c5 15. Rfd1 Qc7 16. Bb5 Bc6 17. dxc5 bxc5 18. Ba6 Rcd8 19. Bd3 Rc8 20. e4 Rfd8 21. Qe3 Qb6 22. Qf4 Qb8 23. Qh6 Bf8 24. Qh4 Bb5 25. Bxb5 Qxb5 26. Rxd7 Rxd7 27. Qf6 Rd4 28. Nxd4 Bg7 29. Nxb5 Bxf6 30. Bxf6 1-0

[Event "HUN-chT2 Toth 1617"]
[Site "Hungary"]
[Date "2016.12.11"]
[Round "6.7"]
[White "Doman, Csaba"]
[Black "Varga, Laszlo"]
[Result "0-1"]
[WhiteElo "1801"]
[BlackElo "2126"]
[PlyCount "106"]
[EventDate "2016.09.25"]
[EventType "team-tourn"]
[EventRounds "11"]
[EventCountry "HUN"]
[SourceTitle "EXT 2021"]
[Source "ChessBase"]
[SourceDate "2020.10.23"]
[SourceVersion "1"]
[SourceVersionDate "2020.10.23"]
[SourceQuality "1"]
[WhiteTeam "Nadudvar"]
[BlackTeam "Ujszasz"]
[WhiteTeamCountry "HUN"]
[BlackTeamCountry "HUN"]

1. d4 e6 2. Nf3 c5 3. Bf4 Qb6 4. b3 Nc6 5. e3 Nf6 6. c3 Be7 7. Bd3 0-0 8. Nbd2 cxd4 9. exd4 d5 10. 0-0 Bd7 11. Ne5 Rad8 12. Ndf3 Bc8 13. h3 a6 14. Re1 Nxe5 15. Bxe5 Bd7 16. Ng5 g6 17. Qd2 Ne8 18. Bg3 Ng7 19. Nf3 Nh5 20. Bf4 Nxf4 21. Qxf4 Kg7 22. Ne5 Qd6 23. Qe3 h6 24. Ng4 Bg5 25. Qe5+ Qxe5 26. Nxe5 Bd2 27. Red1 Bxc3 28. Rac1 Bxd4 29. Nxd7 Rxd7 30. Bxa6 Bxf2+ 31. Kxf2 bxa6 32. Rc6 Ra8 33. Rdc1 Kf6 34. Ke3 Ke5 35. R6c5 f5 36. g3 g5 37. Rf1 Rf8 38. Re1 Rd6 39. Kd3+ Kf6 40. Rf1 e5 41. b4 f4 42. g4 h5 43. a4 hxg4 44. hxg4 Rh8 45. b5 Rh3+ 46. Kd2 axb5 47. axb5 e4 48. Rc6 Ke5 49. Rc5 Kd4 50. Rc6 Rh2+ 51. Kd1 Rxc6 52. bxc6 Kd3 53. c7 Rc2 0-1

[Event "HUN-chT2 Toth 1617"]
[Site "Hungary"]
[Date "2016.10.30"]
[Round "3.7"]
[White "Varga, Laszlo"]
[Black "Blazsik, Zoltan"]
[Result "1-0"]
[WhiteElo "2126"]
[BlackElo "1821"]
[PlyCount "93"]
[EventDate "2016.09.25"]
[EventType "team-tourn"]
[EventRounds "11"]
[EventCountry "HUN"]
[SourceTitle "EXT 2021"]
[Source "ChessBase"]
[SourceDate "2020.10.23"]
[SourceVersion "1"]
[SourceVersionDate "2020.10.23"]
[SourceQuality "1"]
[WhiteTeam "Ujszasz"]
[BlackTeam "Szeged Maroczy II"]
[WhiteTeamCountry "HUN"]
[BlackTeamCountry "HUN"]

1. d4 d5 2. Nf3 Bf5 3. c4 e6 4. Qb3 b6 5. Nc3 Nf6 6. Bg5 dxc4 7. Qxc4 Be7 8. e3 0-0 9. Be2 h6 10. Bh4 c6 11. 0-0 b5 12. Qb3 a5 13. a4 b4 14. Na2 Ne4 15. Bxe7 Qxe7 16. Rfd1 Nd7 17. Nc1 Rfd8 18. Nd3 c5 19. Nde5 Nxe5 20. Nxe5 Rac8 21. f3 Nd6 22. e4 Bh7 23. Rac1 Qa7 24. dxc5 Nb7 25. Rxd8+ Nxd8 26. Qe3 f6 27. Nd3 Nc6 28. Bd1 Bg6 29. Bb3 Bf7 30. e5 f5 31. Nf4 Qe7 32. Rd1 g5 33. Nd3 Rd8 34. Nf2 Rxd1+ 35. Bxd1 f4 36. Qe4 Qc7 37. Ng4 Ne7 38. Nf6+ Kf8 39. Kf1 Bg6 40. Qd4 Kg7 41. Ne4 Nd5 42. Bb3 Bxe4 43. fxe4 Ne3+ 44. Kg1 Qf7 45. c6 Ng4 46. Qd7 Nxe5 47. Qxf7+ 1-0

[Event "HUN-chT2 Toth 1617"]
[Site "Hungary"]
[Date "2016.09.25"]
[Round "1.6"]
[White "Puha, Peter"]
[Black "Varga, Laszlo"]
[Result "1/2-1/2"]
[WhiteElo "1976"]
[BlackElo "2126"]
[PlyCount "85"]
[EventDate "2016.09.25"]
[EventType "team-tourn"]
[EventRounds "11"]
[EventCountry "HUN"]
[SourceTitle "EXT 2021"]
[Source "ChessBase"]
[SourceDate "2020.10.23"]
[SourceVersion "1"]
[SourceVersionDate "2020.10.23"]
[SourceQuality "1"]
[WhiteTeam "Karcag"]
[BlackTeam "Ujszasz"]
[WhiteTeamCountry "HUN"]
[BlackTeamCountry "HUN"]

1. e4 e6 2. d4 d5 3. exd5 exd5 4. Bd3 Bd6 5. Nf3 Bg4 6. c3 Qe7+ 7. Be3 Nf6 8. 0-0 0-0 9. h3 Bh5 10. Nbd2 c6 11. Qc2 Qc7 12. Rfe1 Nbd7 13. Nh4 Rfe8 14. Nf5 Bg6 15. Nxd6 Qxd6 16. Bxg6 hxg6 17. g3 Nh5 18. Nf1 Ndf6 19. g4 Nf4 20. Bxf4 Qxf4 21. Qd2 Qd6 22. Ng3 Ne4 23. Nxe4 dxe4 24. Re2 Re7 25. Rae1 Rae8 26. Qg5 Qd5 27. Qxd5 cxd5 28. Kg2 g5 29. Kg3 g6 30. f4 f6 31. Rf1 gxf4+ 32. Rxf4 Kg7 33. h4 Rh8 34. c4 dxc4 35. Rfxe4 Rxe4 36. Rxe4 Kf7 37. d5 b5 38. d6 Rd8 39. Re7+ Kf8 40. Rxa7 Rxd6 41. Rb7 Rd3+ 42. Kf4 Rd4+ 43. Kg3 1/2-1/2

[Event "HUN-chT2 Toth 1516"]
[Site "Hungary"]
[Date "2016.04.03"]
[Round "10.7"]
[White "Varga, Laszlo"]
[Black "Egyed, Zsolt"]
[Result "0-1"]
[WhiteElo "2121"]
[BlackElo "2090"]
[PlyCount "102"]
[EventDate "2015.09.13"]
[EventType "team-tourn"]
[EventRounds "11"]
[EventCountry "HUN"]
[SourceTitle "EXT 2017"]
[Source "ChessBase"]
[SourceDate "2016.10.25"]
[SourceVersion "1"]
[SourceVersionDate "2016.10.25"]
[SourceQuality "1"]
[WhiteTeam "Ujszasz"]
[BlackTeam "Karcag"]
[WhiteTeamCountry "HUN"]
[BlackTeamCountry "HUN"]

1. d4 Nf6 2. Nf3 g6 3. Nbd2 Bg7 4. e3 d6 5. Bd3 0-0 6. 0-0 c5 7. Qe2 Nc6 8. dxc5 dxc5 9. Nb3 b6 10. c3 Bg4 11. Rd1 Qc7 12. e4 Bxf3 13. gxf3 Nh5 14. Be3 Be5 15. h3 Bf4 16. Nd2 Qe5 17. Nf1 Qg5+ 18. Kh1 Ne5 19. Bc2 Bxe3 20. fxe3 Ng3+ 21. Nxg3 Qxg3 22. Qg2 Qxf3 23. Qxf3 Nxf3 24. Rd7 Rfe8 25. Rad1 Ne5 26. Rb7 Rad8 27. Rxd8 Rxd8 28. Rxe7 Rd2 29. Rxe5 Rxc2 30. Re8+ Kg7 31. Ra8 Kf6 32. Rxa7 Rxb2 33. Kg1 h5 34. Rb7 Rxa2 35. Rxb6+ Ke5 36. Rb5 Kxe4 37. Rxc5 Kxe3 38. Rc7 f5 39. Rc6 g5 40. Rc5 Kf4 41. c4 h4 42. Rd5 Rc2 43. Rc5 g4 44. hxg4 fxg4 45. Rc8 h3 46. Rf8+ Kg3 47. Rf1 Rxc4 48. Kh1 Rc2 49. Ra1 Kf2 50. Rf1+ Ke2 51. Kg1 g3 0-1

[Event "HUN-chT 1516 BAZ I Borbely"]
[Site "Hungary"]
[Date "2016.02.21"]
[Round "5"]
[White "Varga, Laszlo"]
[Black "Jakab, Janos"]
[Result "1-0"]
[WhiteElo "1830"]
[BlackElo "1741"]
[PlyCount "53"]
[EventDate "2015.10.11"]
[EventType "team-tourn"]
[EventRounds "7"]
[EventCountry "HUN"]
[SourceTitle "EXT 2025"]
[Source "ChessBase"]
[SourceDate "2024.10.14"]
[SourceVersion "1"]
[SourceVersionDate "2024.10.14"]
[SourceQuality "1"]
[WhiteTeam "Putnoki VSE"]
[BlackTeam "Szerencs Varos"]
[WhiteTeamCountry "HUN"]
[BlackTeamCountry "HUN"]

1. e4 e5 2. Nc3 Bc5 3. d3 Nc6 4. Bd2 d6 5. Nf3 h6 6. Qe2 Bg4 7. Be3 Bb4 8. 0-0-0 Bxc3 9. bxc3 Nge7 10. d4 0-0 11. h3 Bxf3 12. gxf3 Ng6 13. Rg1 Kh8 14. Qd2 Kh7 15. Bd3 Nh4 16. Rg3 g5 17. Rdg1 f6 18. f4 exf4 19. Bxf4 Rg8 20. Qe2 Qe7 21. Qh5 Qe8 22. Qe2 Qe7 23. Bd2 Raf8 24. f4 gxf4 25. Rxg8 Rxg8 26. Rxg8 Kxg8 27. Qg4+ 1-0

[Event "HUN-chT 1516 BAZ I Borbely"]
[Site "Hungary"]
[Date "2016.01.24"]
[Round "4"]
[White "Varga, Laszlo"]
[Black "Tiszoczki, Gabor"]
[Result "1/2-1/2"]
[WhiteElo "1829"]
[BlackElo "1828"]
[PlyCount "46"]
[EventDate "2015.10.11"]
[EventType "team-tourn"]
[EventRounds "7"]
[EventCountry "HUN"]
[SourceTitle "EXT 2025"]
[Source "ChessBase"]
[SourceDate "2024.10.14"]
[SourceVersion "1"]
[SourceVersionDate "2024.10.14"]
[SourceQuality "1"]
[WhiteTeam "Putnoki VSE"]
[BlackTeam "Edelenyi VSE II"]
[WhiteTeamCountry "HUN"]
[BlackTeamCountry "HUN"]

1. e4 Nf6 2. Nc3 e5 3. Bc4 Bc5 4. Nf3 d6 5. d4 exd4 6. Nxd4 Nc6 7. Nxc6 bxc6 8. 0-0 0-0 9. Bg5 h6 10. Bh4 Be6 11. Qe2 Qe7 12. Bd3 g5 13. Bg3 Bg4 14. Qd2 Nh5 15. Kh1 Nxg3+ 16. hxg3 Rab8 17. b3 Bd4 18. Rae1 Qe5 19. Nd1 Bb6 20. Ne3 Ba5 21. Nxg4 Bxd2 22. Nxe5 Bxe1 23. Nd7 Bc3 1/2-1/2

[Event "HUN-chT 1516 BAZ I Borbely"]
[Site "Hungary"]
[Date "2016.01.10"]
[Round "3"]
[White "Varga, Laszlo"]
[Black "Juhasz, Sandor"]
[Result "1/2-1/2"]
[WhiteElo "1829"]
[BlackElo "1855"]
[PlyCount "104"]
[EventDate "2015.10.11"]
[EventType "team-tourn"]
[EventRounds "7"]
[EventCountry "HUN"]
[SourceTitle "EXT 2025"]
[Source "ChessBase"]
[SourceDate "2024.10.14"]
[SourceVersion "1"]
[SourceVersionDate "2024.10.14"]
[SourceQuality "1"]
[WhiteTeam "Putnoki VSE"]
[BlackTeam "Berentei Sakk Kor"]
[WhiteTeamCountry "HUN"]
[BlackTeamCountry "HUN"]

1. e4 d5 2. exd5 Nf6 3. d4 Qxd5 4. Nc3 Qd6 5. Be2 c6 6. Nf3 Bg4 7. 0-0 e6 8. Re1 Be7 9. Be3 Bxf3 10. Bxf3 0-0 11. a3 Na6 12. Qd2 Nc7 13. Bf4 Qd7 14. Be5 Rfd8 15. Qf4 Nce8 16. Rad1 Nd5 17. Nxd5 cxd5 18. Qg4 Rac8 19. c3 Bd6 20. Qh3 a5 21. Bg4 b5 22. Bxd6 Qxd6 23. Rxe6 fxe6 24. Bxe6+ Kh8 25. Bxc8 b4 26. axb4 axb4 27. Bf5 Nf6 28. Re1 bxc3 29. bxc3 Qf4 30. Qd3 g6 31. Bh3 Ne4 32. f3 Ng5 33. Bg4 h5 34. h4 hxg4 35. hxg5 Qxg5 36. fxg4 Qxg4 37. Qh3+ Qxh3 38. gxh3 Kg7 39. Kg2 Kf6 40. Kg3 Ra8 41. Kg4 Rc8 42. Rf1+ Kg7 43. Rf3 Kh6 44. Re3 Rc7 45. h4 Rc6 46. Re5 Rxc3 47. Rxd5 Rc1 48. Rd8 Kg7 49. Kf4 Rh1 50. Rd7+ Kf6 51. Rh7 Rxh4+ 52. Rxh4 g5+ 1/2-1/2

[Event "HUN-chT2 Toth 1516"]
[Site "Hungary"]
[Date "2015.10.18"]
[Round "3.6"]
[White "Udvardi, Zalan"]
[Black "Varga, Laszlo"]
[Result "1-0"]
[WhiteElo "1992"]
[BlackElo "2121"]
[PlyCount "83"]
[EventDate "2015.09.13"]
[EventType "team-tourn"]
[EventRounds "11"]
[EventCountry "HUN"]
[SourceTitle "CBM 170 Extra"]
[Source "ChessBase"]
[SourceDate "2016.02.25"]
[SourceVersion "1"]
[SourceVersionDate "2016.02.25"]
[SourceQuality "1"]
[WhiteTeam "Szentes Integral"]
[BlackTeam "Ujszasz"]
[WhiteTeamCountry "HUN"]
[BlackTeamCountry "HUN"]

1. e4 e6 2. d4 d5 3. exd5 exd5 4. Bd3 Bd6 5. Be3 Nf6 6. h3 0-0 7. Nf3 Re8 8. 0-0 Nbd7 9. c3 c6 10. Qc2 Qc7 11. Nbd2 Nf8 12. Rfe1 Bd7 13. Bg5 Nh5 14. Bf5 Bxf5 15. Qxf5 g6 16. Qc2 Kg7 17. Nf1 h6 18. Bd2 f5 19. Ne3 Re4 20. c4 Qf7 21. Bc3 Rae8 22. cxd5 cxd5 23. Rad1 Nf4 24. Ne5 Qf6 25. f3 Rxe3 26. Rxe3 Qg5 27. Rde1 Nxh3+ 28. Kh2 f4 29. R3e2 Qg3+ 30. Kh1 Ng5 31. Rf1 Qh4+ 32. Kg1 Nge6 33. Rfe1 Qg3 34. Rf1 h5 35. Qd1 h4 36. Qe1 Qg5 37. Ng4 Qh5 38. Bb4 Bxb4 39. Qxb4 b6 40. Qd6 Rd8 41. Qe7+ Kh8 42. Qf6+ 1-0

[Event "HUN-chT2 Toth 1516"]
[Site "Hungary"]
[Date "2015.09.13"]
[Round "1.5"]
[White "Varga, Laszlo"]
[Black "Tamas, Kornel"]
[Result "1-0"]
[WhiteElo "2121"]
[BlackElo "1988"]
[PlyCount "43"]
[EventDate "2015.09.13"]
[EventType "team-tourn"]
[EventRounds "11"]
[EventCountry "HUN"]
[SourceTitle "CBM 170 Extra"]
[Source "ChessBase"]
[SourceDate "2016.02.25"]
[SourceVersion "1"]
[SourceVersionDate "2016.02.25"]
[SourceQuality "1"]
[WhiteTeam "Ujszasz"]
[BlackTeam "Gyula"]
[WhiteTeamCountry "HUN"]
[BlackTeamCountry "HUN"]

1. d4 d5 2. Nf3 Nf6 3. Nbd2 e6 4. e3 Nbd7 5. b3 Bd6 6. Bb2 c6 7. Ne5 Qe7 8. a3 0-0 9. Bd3 Ne8 10. 0-0 f5 11. f4 Bxe5 12. fxe5 g5 13. h3 Ng7 14. c4 Nb6 15. a4 Qf7 16. a5 Nd7 17. Ba3 Re8 18. cxd5 exd5 19. g4 Nf8 20. gxf5 Bxf5 21. Bxf5 Nxf5 22. Qb1 1-0

[Event "HUN-chT2 Barcza 1415"]
[Site "Hungary"]
[Date "2015.02.08"]
[Round "?"]
[White "Varga, Laszlo"]
[Black "Runda, Mate Bence"]
[Result "1/2-1/2"]
[WhiteElo "1827"]
[BlackElo "1903"]
[PlyCount "49"]
[EventDate "2014.09.07"]
[EventType "team-tourn"]
[EventRounds "11"]
[EventCountry "HUN"]
[SourceTitle "EXT 2016"]
[Source "ChessBase"]
[SourceDate "2015.10.08"]
[SourceVersion "1"]
[SourceVersionDate "2015.10.08"]
[SourceQuality "1"]
[WhiteTeam "Sajobabony"]
[BlackTeam "Miskolc Sakkiskola"]
[WhiteTeamCountry "HUN"]
[BlackTeamCountry "HUN"]

1. e4 d6 2. d4 Nf6 3. Nc3 g6 4. Nf3 Bg7 5. h3 0-0 6. Be3 c6 7. Qd2 b5 8. Bd3 Qc7 9. Bh6 e5 10. dxe5 dxe5 11. Bxg7 Kxg7 12. h4 Bg4 13. 0-0-0 Nbd7 14. Qg5 Nc5 15. Rd2 Bxf3 16. gxf3 Ne6 17. Qg3 Nh5 18. Qg4 Nf6 19. Qg3 Nh5 20. Qg4 Nef4 21. Rg1 h6 22. Ne2 Nf6 23. Qg3 N6h5 24. Qg4 Nf6 25. Qg3 1/2-1/2